LEADER 01723nam2-2200529li-450- 001 990000244750203316 005 20100707120911.0 010 $a88-13-15609-X 035 $a0024475 035 $aUSA010024475 035 $a(ALEPH)000024475USA01 035 $a0024475 100 $a19900111d2008----km-y0itay0103----ba 101 $aita 102 $aIT 105 $a||||||||001yy 200 1 $aCommentario breve alla Costituzione$fSergio Bartole, Roberto Bin ;$gcon la collaborazione di Andrea Ambrosi...[et al.] 210 $aPadova$cCEDAM$d2008 215 $a1256 p.$d22 cm 225 2 $aBreviaria iuris$v7 300 $aIn testa al front.: Vezio Crisafulli, Livio Paladin fondatori dell'opera 410 0$1001000313405$aBreviaria Iuris$v, 7 461 1$1001-------$12001 606 0 $aItalia$xCostituzioni politiche$z1948$2BNCF 676 $a342.45 700 $aBARTOLE,$bSergio$0130569 701 $aBIN,$bRoberto$0456048 702 1$aCRISAFULLI,$bVezio 702 1$aPALADIN,$bLivio 702 1$aAMBROSI,$bAndrea 801 0$aIT$bsalbc$gISBD 912 $a990000244750203316 951 $aCOLL EQY 22$b24475 G.$cCOLL. EQY$d00127463 959 $aBK 969 $aGIU 979 $c19900111 979 $c20001110$lUSA01$h1715 979 $c20020403$lUSA01$h1632 979 $aPATRY$b90$c20040406$lUSA01$h1618 979 $aPATRY$b90$c20081106$lUSA01$h1236 979 $aPATRY$b90$c20081106$lUSA01$h1421 979 $aRSIAV3$b90$c20090910$lUSA01$h1319 979 $aRSIAV3$b90$c20090910$lUSA01$h1321 979 $aFIORELLA$b90$c20100603$lUSA01$h1405 979 $aFIORELLA$b90$c20100707$lUSA01$h1209 996 $aCommentario breve alla Costituzione$9882187 997 $aUNISA LEADER 01052nam--2200325---450- 001 990006048850203316 005 20150615104031.0 035 $a000604885 035 $aUSA01000604885 035 $a(ALEPH)000604885USA01 035 $a000604885 100 $a20150612d1962----km-y0itay50------ba 101 $afre 102 $aFR 105 $a||||||||001yy 200 1 $aRecherches historiques et littéraires sur "Raoul De Cambrai"$eouvrage publié avec le concours du Centre National de la Recherche Scientifique 210 $aParis$cLibrairie Nizet$d1962 215 $a334 p.$d24 cm 600 0 $aRaoul De Cambrai$xBiografie$2BNCF 676 $a841.1092 700 1$aMATARASSO,$bP.$0191945 801 0$aIT$bsalbc$gISBD 912 $a990006048850203316 951 $aXV.11. 154$b649 ist.lingustica$cXV.11.$d376994 959 $aBK 969 $aFVUO 979 $aPATRY$b90$c20150612$lUSA01$h1049 979 $aPATRY$b90$c20150615$lUSA01$h1040 996 $aRecherches historiques et littèraires sur Raoul de Cambrai$9532676 997 $aUNISA LEADER 03260nam 2200601 450 001 9910795390903321 005 20240116034036.0 010 $a1-63853-536-1 010 $a1-62623-824-3 024 7 $a10.1055/b-006-160141 035 $a(CKB)4940000000149972 035 $a(MiAaPQ)EBC5989304 035 $a10.1055-b-006-160141 035 $a(DE-2912)1579188215565 035 $a(EXLCZ)994940000000149972 100 $a20200115d2020 uy 0 101 0 $aeng 135 $aurcnu|||||||| 181 $ctxt$2rdacontent 182 $cc$2rdamedia 183 $acr$2rdacarrier 200 10$aEyelid Reconstruction /$fby: Freitag, Suzanne K., Lee, N. Grace, Lefebvre, Daniel R., Yoon, Michael K. 210 1$aNew York, New York :$cThieme,$d[2020] 210 4$d©2020 215 $a1 online resource (132 pages) $cillustrations 311 $a1-62623-823-5 327 $a1 Periocular Anatomy -- 2 Periorbital Surgical Principles -- 3 Mohs Micrographic Surgery for Periorbital Cutaneous Malignancies -- 4 Medial Canthal Eyelid Reconstruction -- 5 Lower Eyelid Reconstruction -- 6 Upper Eyelid Reconstruction -- 7 Lateral Canthal Eyelid Reconstruction -- 8 Eyelid Reconstruction following Trauma -- Index. 330 $aHighly practical eyelid surgery resource informs important reconstruction decisions and strategies Skin malignancies frequently affect the periocular area, necessitating excision followed by eyelid reconstruction. Periocular trauma is also quite common, and because of the highly complex regional anatomy, requires expertise for effective reconstruction. Preparation by ophthalmic plastic surgeons prior to periorbital reconstruction is often not possible due to the unpredictability of defects left after Mohs micrographic surgeons clear tumor margins or in cases of trauma. Eyelid Reconstruction by. 606 $aEyelids$xSurgery 606 $aEyelid Neoplasms$xsurgery$3(DNLM)D005142Q000601 606 $aEyelids$xinjuries$3(DNLM)D005143Q000293 606 $aEyelids$xsurgery$3(DNLM)D005143Q000601 615 0$aEyelids$xSurgery. 615 12$aEyelid Neoplasms$xsurgery 615 22$aEyelids$xinjuries 615 22$aEyelids$xsurgery 676 $a617.771059 700 $aFewkes$b Jessica$4aut$4http://id.loc.gov/vocabulary/relators/aut$01556352 702 $aFreitag$b Suzanne K$4edt$4http://id.loc.gov/vocabulary/relators/edt 702 $aLee$b N. Grace$4edt$4http://id.loc.gov/vocabulary/relators/edt 702 $aLefebvre$b Daniel R$4edt$4http://id.loc.gov/vocabulary/relators/edt 702 $aYoon$b Michael K$4edt$4http://id.loc.gov/vocabulary/relators/edt 702 $aGlass$b Lora R. Dagi$4aut$4http://id.loc.gov/vocabulary/relators/aut 702 $aJiménez-Pérez$b Juan C$4aut$4http://id.loc.gov/vocabulary/relators/aut 702 $aRasool$b Nailyn$4aut$4http://id.loc.gov/vocabulary/relators/aut 702 $aStarks$b Victoria$4aut$4http://id.loc.gov/vocabulary/relators/aut 702 $aYancovitz$b Molly$4aut$4http://id.loc.gov/vocabulary/relators/aut 702 $aYu$b Sherry H$4aut$4http://id.loc.gov/vocabulary/relators/aut 801 0$bDE-2912 906 $aBOOK 912 $a9910795390903321 996 $aEyelid Reconstruction$93818966 997 $aUNINA